<?xml version="1.0" encoding="UTF-8"?>
<record
    xmlns:xsi="http://www.w3.org/2001/XMLSchema-instance"
    xsi:schemaLocation="http://www.loc.gov/MARC21/slim http://www.loc.gov/standards/marcxml/schema/MARC21slim.xsd"
    xmlns="http://www.loc.gov/MARC21/slim">

  <leader>01147nam a22002777a 4500</leader>
  <controlfield tag="005">20240530110619.0</controlfield>
  <controlfield tag="008">161201s2014    ua     g      000 0 ara d</controlfield>
  <datafield tag="017" ind1=" " ind2=" ">
    <subfield code="a">2013/20866</subfield>
    <subfield code="b">&#x645;&#x635;&#x631; . &#x62F;&#x627;&#x631; &#x627;&#x644;&#x643;&#x62A;&#x628; &#x627;&#x644;&#x645;&#x635;&#x631;&#x64A;&#x629;</subfield>
  </datafield>
  <datafield tag="020" ind1=" " ind2=" ">
    <subfield code="a">9789778509106</subfield>
  </datafield>
  <datafield tag="040" ind1=" " ind2=" ">
    <subfield code="a">EG-CaGPL</subfield>
  </datafield>
  <datafield tag="082" ind1="0" ind2="4">
    <subfield code="2">21</subfield>
    <subfield code="a">341.42</subfield>
    <subfield code="b">&#x642;/&#x645; &#x642;</subfield>
  </datafield>
  <datafield tag="100" ind1="0" ind2=" ">
    <subfield code="a">&#x645;&#x62D;&#x645;&#x62F; &#x633;&#x644;&#x64A;&#x645; &#x627;&#x644;&#x639;&#x648;&#x627;</subfield>
  </datafield>
  <datafield tag="245" ind1="1" ind2="0">
    <subfield code="a">&#x642;&#x627;&#x646;&#x648;&#x646; &#x627;&#x644;&#x62A;&#x62D;&#x643;&#x64A;&#x645; &#x641;&#x64A; &#x645;&#x635;&#x631; &#x648;&#x627;&#x644;&#x62F;&#x648;&#x644; &#x627;&#x644;&#x639;&#x631;&#x628;&#x64A;&#x629; :</subfield>
    <subfield code="b">&#x645;&#x639;&#x644;&#x642;&#x627; &#x639;&#x644;&#x64A;&#x647; &#x628;&#x627;&#x631;&#x627;&#x621; &#x627;&#x644;&#x641;&#x642;&#x627;&#x621; &#x648;&#x627;&#x62D;&#x643;&#x627;&#x645; &#x627;&#x644;&#x642;&#x636;&#x627;&#x621; /</subfield>
    <subfield code="c">&#x645;&#x62D;&#x645;&#x62F; &#x633;&#x644;&#x64A;&#x645; &#x627;&#x644;&#x639;&#x648;&#x627;</subfield>
  </datafield>
  <datafield tag="250" ind1=" " ind2=" ">
    <subfield code="a">&#x637;. 1</subfield>
  </datafield>
  <datafield tag="260" ind1=" " ind2=" ">
    <subfield code="a">&#x627;&#x644;&#x642;&#x627;&#x647;&#x631;&#x629; :</subfield>
    <subfield code="b">&#x627;&#x644;&#x645;&#x631;&#x643;&#x632; &#x627;&#x644;&#x639;&#x631;&#x628;&#x64A; &#x644;&#x644;&#x62A;&#x62D;&#x643;&#x64A;&#x645; &#x60C;</subfield>
    <subfield code="c">2014</subfield>
  </datafield>
  <datafield tag="300" ind1=" " ind2=" ">
    <subfield code="a">2 &#x62C;&#x632;&#x621; &#x61B;</subfield>
    <subfield code="c">24 &#x633;&#x645;</subfield>
  </datafield>
  <datafield tag="505" ind1=" " ind2=" ">
    <subfield code="a">&#x627;&#x644;&#x62C;&#x632;&#x621; &#x627;&#x644;&#x627;&#x648;&#x644; . &#x627;&#x644;&#x645;&#x648;&#x627;&#x62F; &#x645;&#x646; (1) &#x627;&#x635;&#x62F;&#x627;&#x631; &#x625;&#x644;&#x649; (24) - - &#x627;&#x644;&#x62C;&#x632;&#x621; &#x627;&#x644;&#x62B;&#x627;&#x646;&#x64A; . &#x627;&#x644;&#x645;&#x648;&#x627;&#x62F; &#x645;&#x646; (25) &#x627;&#x635;&#x62F;&#x627;&#x631; &#x625;&#x644;&#x649; (58)</subfield>
  </datafield>
  <datafield tag="650" ind1="0" ind2="7">
    <subfield code="2">qrmak</subfield>
    <subfield code="a">&#x627;&#x644;&#x62A;&#x62D;&#x643;&#x64A;&#x645; &#x627;&#x644;&#x62F;&#x648;&#x644;&#x64A;</subfield>
  </datafield>
  <datafield tag="650" ind1="0" ind2="7">
    <subfield code="2">qrmak</subfield>
    <subfield code="a">&#x627;&#x644;&#x62A;&#x62D;&#x643;&#x64A;&#x645; &#x627;&#x644;&#x642;&#x636;&#x627;&#x626;&#x64A;</subfield>
  </datafield>
  <datafield tag="650" ind1="0" ind2="7">
    <subfield code="2">qrmak</subfield>
    <subfield code="a">&#x627;&#x644;&#x642;&#x627;&#x646;&#x648;&#x646; &#x627;&#x644;&#x62F;&#x648;&#x644;&#x64A;</subfield>
  </datafield>
  <datafield tag="650" ind1="0" ind2="7">
    <subfield code="2">qrmak</subfield>
    <subfield code="a">&#x627;&#x644;&#x642;&#x636;&#x627;&#x621;</subfield>
  </datafield>
  <datafield tag="650" ind1="0" ind2="7">
    <subfield code="2">qrmak</subfield>
    <subfield code="a">&#x627;&#x644;&#x642;&#x648;&#x627;&#x646;&#x64A;&#x646;</subfield>
  </datafield>
  <datafield tag="651" ind1="0" ind2="7">
    <subfield code="2">qrmak</subfield>
    <subfield code="a">&#x645;&#x635;&#x631;</subfield>
  </datafield>
  <datafield tag="942" ind1=" " ind2=" ">
    <subfield code="2">ddc</subfield>
    <subfield code="c">BK</subfield>
  </datafield>
  <datafield tag="999" ind1=" " ind2=" ">
    <subfield code="c">63019</subfield>
    <subfield code="d">63019</subfield>
  </datafield>
  <datafield tag="952" ind1=" " ind2=" ">
    <subfield code="0">0</subfield>
    <subfield code="1">0</subfield>
    <subfield code="4">0</subfield>
    <subfield code="7">0</subfield>
    <subfield code="a">CAI</subfield>
    <subfield code="b">CAI</subfield>
    <subfield code="c">CAIRO-LIBRARY</subfield>
    <subfield code="d">2016-12-14</subfield>
    <subfield code="l">0</subfield>
    <subfield code="o">341.42 &#x642;/&#x645; &#x642;</subfield>
    <subfield code="p">162964</subfield>
    <subfield code="r">2016-12-14 00:00:00</subfield>
    <subfield code="w">2016-12-14</subfield>
    <subfield code="y">BK</subfield>
  </datafield>
</record>
